| 000 | 00381nam a2200169Ia 4500 | ||
|---|---|---|---|
| 008 | 210210b1955 xxu||||| |||| 00| 0 eng d | ||
| 041 | _aeng | ||
| 082 | _a869/221 | ||
| 100 | _aRANGEYA RAGHAV | ||
| 245 | _aSidhA sAdga rAsta | ||
| 260 |
_aAlahAbAd _bKitab mahal _c1955 |
||
| 650 | _aSidhA | ||
| 650 | _asAdga | ||
| 650 | _arAsta | ||
| 690 | _aHindi Fiction | ||
| 906 | _a024019 | ||
| 999 |
_c148983 _d148983 |
||